Countries Most Similar To Guinea - Statistics

General Stats
  • This quiz has been taken 21 times
  • The average score is 16 of 20
Answer Stats
Rank Country Score % Correct
7 Mali 77.4
100%
18 Niger 72.2
100%
2 Senegal 80.4
100%
5 Cameroon 77.8
93%
19 Ghana 71.8
93%
4 Guinea Bissau 78
93%
1 Ivory Coast 80.9
93%
11 Republic of the Congo 74.9
93%
6 Togo 77.7
87%
8 Sierra Leone 77.3
80%
3 Benin 78.3
73%
13 CAR 74.4
73%
14 DRC 74
73%
10 Gambia 76
73%
17 Liberia 72.5
73%
12 Nigeria 74.5
73%
16 Gabon 72.6
67%
9 Burkina Faso 77
53%
20 Burundi 71.8
40%
15 Tanzania 72.9
33%
No matching quizzes found
Score Distribution
Percent of People with Each Score
Percentile by Number Answered
Your Score History
You have not taken this quiz